| 000 | 00636nam a2200229 a 4500 | ||
|---|---|---|---|
| 001 | BRL_931 | ||
| 005 | 20190320210946.0 | ||
| 008 | 251013s1973----u--a######---#000-0#eng-# | ||
| 020 | _a0873870603 | ||
| 041 | _aeng | ||
| 044 | _au | ||
| 050 | 4 |
_aNK3650 _b.S54 1973 |
|
| 100 | 1 |
_aSleen, W. G. N. van der _q(Wicher Gosen Nicholaas) _925357 |
|
| 245 | 1 | 0 |
_aA Handbook on Beads _c[by] W. G. N. van der Sleen. |
| 260 |
_aPennsylvania _bLiberty Cap Books _c1973 |
||
| 300 |
_a128 p. _bil. _c23 cm. |
||
| 500 | _aAu1002 | ||
| 504 | _aBibliografía : p. 120-124 | ||
| 650 | 1 | 4 |
_aArtesanías _xCuentas _925358 |
| 902 | _aGRL | ||
| 942 |
_2lcc _cB |
||
| 999 |
_c9743 _d9743 |
||